Rezervy v účtovníctve podnikateľov
Rezervy ako súčasť pasív podniku. Charakteristika rezerv a ich členenie. Oceňovanie a účtovanie rezerv. Princípy účtovania jednotlivých druhov rezerv. Príklady.
Salvato in:
| Autore principale: | |
|---|---|
| Altri autori: | |
| Natura: | Capitolo di libro |
| Lingua: | slovacco |
| Soggetti: | |
| Tags: |
Nessun Tag, puoi essere il primo ad aggiungerne!!
|
MARC
| LEADER | 00000naa a2200000 4500 | ||
|---|---|---|---|
| 001 | r048863 | ||
| 005 | 20231002123906.0 | ||
| 041 | 0 | |a slo | |
| 044 | |a SK | ||
| 245 | 1 | 0 | |a Rezervy v účtovníctve podnikateľov |c Anna Šlosárová, Rudolf Šlosár |
| 520 | |a Rezervy ako súčasť pasív podniku. Charakteristika rezerv a ich členenie. Oceňovanie a účtovanie rezerv. Princípy účtovania jednotlivých druhov rezerv. Príklady. | ||
| 610 | 2 | 0 | |a účtovanie |
| 610 | 2 | 0 | |a rezervy |
| 610 | 2 | 0 | |a rezervy podnikové |
| 610 | 2 | 0 | |a pasíva |
| 610 | 2 | 0 | |a účtovníctvo podvojné |
| 610 | 2 | 0 | |a oceňovanie |
| 100 | 1 | |a Šlosárová, Anna | |
| 700 | 1 | |a Šlosár, Rudolf | |